| 000 | 00988nam a2200277 i 4500 | ||
|---|---|---|---|
| 003 | DO-SdBNP | ||
| 005 | 20231109104226.0 | ||
| 006 | a||||er|||| 00| 0 | ||
| 007 | ta | ||
| 008 | 231109t2004 dr a|||| |||| 00| j spa d | ||
| 020 | _a999349724X | ||
| 040 |
_aDO-SdBNP _bspa _cBNPHU _erda |
||
| 082 | 4 |
_222 _bR457f |
|
| 100 | 1 |
_aReyes Arriaga, Sergio Hipólito, _971239 _d1956 _eautor |
|
| 245 | 1 | 3 |
_aLa fiesta de los Reyes y otros cuentos de la frontera. / _cSergio Reyes II. |
| 264 | 4 |
_aSanto Domingo : _bUniversitaria - UASD, _bedifron, _c2004 |
|
| 300 |
_a222 páginas : _bIlustraciones ; _c21 cm |
||
| 336 |
_2rdacontent _atexto _btxt |
||
| 337 |
_2rdamedia _asin mediación _bn |
||
| 338 |
_2rdacarrier _avolumen _bnc |
||
| 490 |
_aHistoria y Sociedad ; _v102 |
||
| 500 | _aIncluye datos biográficos del autor en la solapa de la cubierta. | ||
| 590 | _aInventariado 2023 / MF | ||
| 830 |
_aPublicaciones de la Universidad Autónoma de Santo Domingo ; _n1123 _984611 |
||
| 942 |
_2ddc _cLBS1 |
||
| 999 |
_c55442 _d55442 |
||